zpět

Detail výsledku týmu

Restaurace Ostrov, Písek

Datum a čas kvízu

24.5 Celkem bodů Celkový počet nahraných bodů na tomto kvízu bez doplňovacích otázek.
3. Pořadí na kvízu Konečné umístění týmu na tomto kvízu.

Zaznamenané odpovědi

# Otázka Odpověď Body Výsledky
1. Centrum pro výzkum veřejného m... Adam Vojtěch 1
2. Internet minulý týden obletělo... kocour (kočka) 1
3. V pátek začal v Uherském Hradi... Letní filmová škola 0
4. Česká armáda v pátek převzala... Toyota 0
5. Devítinásobný motocyklový mist... Valentino Rossi 1
6. Rozhodli jsme se prověřit vaše... nebozez / nebozízek 1
7. Jak byste slovem na P nazvali... perlátor 0
8. Některé šrouby nemají ani jedn... inbus (též nespisovně imbus) 1
9. Jak byste dvěma slovy začínají... pružná / pérová podložka 0
10. Tato součástka je důležitá pro... sklíčidlo 0